| Tag |
First Indicator |
Second Indicator |
Subfields |
| LEADER |
00000cam a2200000 i 4500 |
| 001 |
in00005687708 |
| 005 |
20260212202146.7 |
| 006 |
m o d |
| 007 |
cr |n |||||||| |
| 008 |
250918s2025 enk ob 001 0 eng d |
| 010 |
|
|
|a 2025025325
|
| 040 |
|
|
|a UKMGB
|b eng
|e rda
|e pn
|c UKMGB
|d OCLCO
|d YDX
|d PAU
|d UKAHL
|
| 015 |
|
|
|a GBC5B1881
|2 bnb
|
| 016 |
7 |
|
|a 300622346
|2 Uk
|
| 019 |
|
|
|a 1520467424
|
| 020 |
|
|
|a 9781009640831
|q PDF ebook
|
| 020 |
|
|
|a 1009640836
|q PDF ebook
|
| 020 |
|
|
|a 9781009640817
|q epub
|
| 020 |
|
|
|a 100964081X
|q epub
|
| 020 |
|
|
|z 9781009640800
|q hardback
|
| 020 |
|
|
|z 9781009640824
|q paperback
|
| 024 |
7 |
|
|a 10.1017/9781009640817
|2 doi
|
| 024 |
8 |
|
|a CIPO000293640
|
| 035 |
|
|
|a (OCoLC)1545080565
|z (OCoLC)1520467424
|
| 043 |
|
|
|a a-ja---
|
| 050 |
|
4 |
|a DS882.6
|
| 082 |
0 |
4 |
|a 907.202
|2 23
|
| 049 |
|
|
|a TXAM
|
| 100 |
1 |
|
|a Tremml, Birgit,
|e author.
|1 https://id.oclc.org/worldcat/entity/E39PCjM4Vw84mJRf77rykqfrMP
|1 https://isni.org/isni/0000000444828571
|
| 245 |
1 |
0 |
|a Negotiating imperialism :
|b Murakami Naojiro's archival diplomacy /
|c Birgit Tremml-Werner
|
| 264 |
|
1 |
|a Cambridge :
|b Cambridge University Press,
|c 2025
|
| 300 |
|
|
|a 1 online resource
|
| 334 |
|
|
|a single unit
|b mono
|0 http://id.loc.gov/vocabulary/issuance/mono
|
| 336 |
|
|
|a text
|b txt
|2 rdacontent
|
| 337 |
|
|
|a computer
|b c
|2 rdamedia
|
| 338 |
|
|
|a online resource
|b cr
|2 rdacarrier
|
| 353 |
|
|
|a bibliography
|b bibliography
|0 http://id.loc.gov/vocabulary/msupplcont/bibliography
|
| 353 |
|
|
|a index
|b index
|0 http://id.loc.gov/vocabulary/msupplcont/index
|
| 520 |
|
|
|a "In this study of Japan's imperial historiography in the late nineteenth and early twentieth centuries, Birgit Tremml-Werner examines the use of history to promote expansion in the Asia-Pacific region. Focussing on historian-diplomat Murakami Naojirō, she highlights the impact of the archive and translation in knowledge creation. Combining empirical examples including early modern diplomatic missions to Europe, indigenous Taiwanese history, colonial education and post-war cultural diplomacy, this work emphasizes how the past is represented in the intertwined environments of history and memory. She argues that the Japanese case also reveals wider questions around the myth-making of nation states, and the extent to which 'historiographical violence' has silenced the voices of actors, including Indigenous peoples and women, within the archival record"--
|c Cambridge University Press
|
| 504 |
|
|
|a Includes bibliographical references and index
|
| 505 |
0 |
|
|a Translator historian and scholar diplomat : Murakami's life of global knowledge -- Formal diplomatic relations and the untranslatability of Gaikō -- Entangled biographies and the imperialist creation of historical knowledge -- Nan'yōshi : how to position Japan in Southeast Asian history -- From Takasago's past to Taiwan's history : Murakami between silencing and exaggerating
|
| 588 |
0 |
|
|a Online resource; title from PDF Title page (Cambridge University Press, viewed November 12, 2025)
|
| 600 |
1 |
0 |
|a Murakami, Naojirō,
|d 1868-1966.
|1 https://isni.org/isni/0000000080777864
|
| 650 |
|
0 |
|a Archival resources
|z Japan.
|
| 651 |
|
0 |
|a Japan
|x History.
|
| 651 |
|
0 |
|a Japan
|x Historiography.
|
| 650 |
|
6 |
|a Fonds d'archives
|z Japon.
|
| 651 |
|
6 |
|a Japon
|x Histoire.
|
| 650 |
|
7 |
|a Archival resources
|2 fast
|
| 651 |
|
7 |
|a Japan
|2 fast
|1 https://id.oclc.org/worldcat/entity/E39PBJkT7GyCmyjxytDfqk6Yfq
|
| 655 |
|
7 |
|a Electronic books.
|2 local
|
| 710 |
2 |
|
|a Cambridge University Press.
|
| 776 |
0 |
8 |
|i Print version:
|a Tremml, Birgit.
|t Negotiating imperialism
|d Cambridge : Cambridge University Press, 2025
|z 9781009640800
|w (DLC) 2025025324
|w (OCoLC)1520597491
|
| 856 |
4 |
0 |
|u https://doi.org/10.1017/9781009640817
|z Connect to the full text of this electronic book
|t 0
|
| 955 |
|
|
|a Cambridge Open Access ebooks
|
| 994 |
|
|
|a 92
|b TXA
|
| 999 |
f |
f |
|i 740e94a9-f3c7-448d-b22b-f21942a51397
|s cae423a0-1734-4bb9-851c-bf08ea5cd994
|t 0
|
| 952 |
f |
f |
|a Texas A&M University
|b College Station
|c Electronic Resources
|s www_evans
|d Available Online
|t 0
|e DS882.6
|h Library of Congress classification
|
| 998 |
f |
f |
|a DS882.6
|t 0
|l Available Online
|